000 00298nam a22001337a 4500
008 171012b xxu||||| |||| 00| 0 eng d
020 _a9781412969000
041 _aeng
080 _22ND
_a316
100 _a50
101 _aSOC
245 _aTHE ENGAGED SOCIOLOGIST
_cKORGEN,K.O
942 _2udc
_cBK
999 _c33310
_d33310